| 000 | 00385nam a2200145 a 4500 | ||
|---|---|---|---|
| 008 | 961112s1957||||xx 0 und c | ||
| 040 |
_aSNK _bslo _cSNK _eAACR2 |
||
| 100 | 1 | _aMrlian, Rudolf | |
| 245 | 1 | 0 | _aSo slovenským divadlom |
| 260 |
_aBratislava _bSlovenské vydavateľstvo krásnej literatúry _c1957 |
||
| 300 | _a422 s. | ||
| 020 | _c29,50 | ||
| 044 |
_axo _cSK |
||
| 041 | _aslo | ||
| 999 |
_c15105 _d15105 |
||